| 000 | 00671nam a2200229Ia 4500 | ||
|---|---|---|---|
| 003 | BUBTL | ||
| 008 | 151213s9999 xx 000 0 und d | ||
| 041 | _aBangla + English | ||
| 082 |
_21st ed. _a347.04/ H211s/ 2006 |
||
| 100 |
_aHaque, Md. Shamsul _94024 |
||
| 245 |
_aThe Small Cause Courts Act, 1887 : land survey & appellate tribunal/ _cMd. Shamsul Haque |
||
| 250 | _a1st ed. | ||
| 260 |
_aDhaka _bRomana Haque _cc2006 |
||
| 300 |
_a640 p. : _bill. ; 21 cm. |
||
| 526 | _aLaw | ||
| 650 | 0 |
_aLaw _926 |
|
| 650 | _aLaw | ||
| 700 |
_aMd. Shamsul Haque _95483 |
||
| 856 |
_k0 _l0 _yDownload |
||
| 942 |
_2ddc _cBK |
||
| 999 |
_c2984 _d2984 |
||